Khan Jahan (R) : (Record no. 25127)

MARC details
000 -LEADER
fixed length control field 01054cam a2200301 a 4500
001 - CONTROL NUMBER
control field 12952047
003 - CONTROL NUMBER IDENTIFIER
control field BDDh-ASL
005 - DATE AND TIME OF LATEST TRANSACTION
control field 20231015030442.0
008 - FIXED-LENGTH DATA ELEMENTS--GENERAL INFORMATION
fixed length control field 010925s2001 bg a b 000 0beng
010 ## - LIBRARY OF CONGRESS CONTROL NUMBER
LC control number 2001417087
025 ## - OVERSEAS ACQUISITION NUMBER
Overseas acquisition number B-E-2001-417087; 21
035 ## - SYSTEM CONTROL NUMBER
System control number (DLC) 2001417087
037 ## - SOURCE OF ACQUISITION
Source of stock number/acquisition Library of Congress -- New Delhi Overseas Office
Terms of availability Tk100.00
040 ## - CATALOGING SOURCE
Original cataloging agency DLC
Transcribing agency DLC
Modifying agency DLC
-- BDDh-ASL
042 ## - AUTHENTICATION CODE
Authentication code lcode
050 00 - LIBRARY OF CONGRESS CALL NUMBER
Classification number BP80.A49
Item number A53 2001
082 ## - DEWEY DECIMAL CLASSIFICATION NUMBER
Classification number 922.5492
Item number ALK
100 1# - MAIN ENTRY--PERSONAL NAME
Personal name Alamgir, Khoundkar,
Dates associated with a name 1953-
245 10 - TITLE STATEMENT
Title Khan Jahan (R) :
Remainder of title ruler, builder, and saint /
Statement of responsibility, etc. Khoundkar Alamgir.
260 ## - PUBLICATION, DISTRIBUTION, ETC.
Place of publication, distribution, etc. Dhaka :
Name of publisher, distributor, etc. Parash Publishers,
Date of publication, distribution, etc. 2001.
300 ## - PHYSICAL DESCRIPTION
Extent 54 p. :
Other physical details ill. (some col.) ;
Dimensions 23 cm.
504 ## - BIBLIOGRAPHY, ETC. NOTE
Bibliography, etc. note Includes bibliographical references.
520 ## - SUMMARY, ETC.
Summary, etc. Articles, chiefly, on the architecture of mosques built by the ruler Khan Jahan, d. 1459, in Bagerhat, Bangladesh.
600 10 - SUBJECT ADDED ENTRY--PERSONAL NAME
Personal name Khan Jahan Ali,
Dates associated with a name -1459.
906 ## - LOCAL DATA ELEMENT F, LDF (RLIN)
a 7
b cbc
c origode
d 3
e ncip
f 20
g y-gencatlg
942 ## - ADDED ENTRY ELEMENTS (KOHA)
Source of classification or shelving scheme Dewey Decimal Classification
Koha item type Books
Holdings
Withdrawn status Lost status Source of classification or shelving scheme Damaged status Not for loan Collection code Home library Current library Shelving location Date acquired Source of acquisition Total Checkouts Full call number Barcode Date last seen Copy number Price effective from Koha item type
    Dewey Decimal Classification     Non-fiction Asiatic Society Library Asiatic Society Library General Stacks 06/22/2021 Complimentary   922.5492 ALK 109825 06/22/2021 C-1 06/22/2021 Books
    Dewey Decimal Classification     Non-fiction Asiatic Society Library Asiatic Society Library General Stacks 06/22/2021 Complimentary   922.5492 ALK 109826 06/22/2021 C-2 06/22/2021 Books
    Dewey Decimal Classification     Non-fiction Asiatic Society Library Asiatic Society Library General Stacks 06/22/2021 Complimentary   922.5492 ALK 109827 06/22/2021 C-3 06/22/2021 Books
    Dewey Decimal Classification     Non-fiction Asiatic Society Library Asiatic Society Library General Stacks 06/22/2021 Complimentary   922.5492 ALK 109828 06/22/2021 C-4 06/22/2021 Books
    Dewey Decimal Classification     Non-fiction Asiatic Society Library Asiatic Society Library General Stacks 06/22/2021 Complimentary   922.5492 ALK 109829 06/22/2021 C-5 06/22/2021 Books

Powered by Koha